Descubriendo el mágico mundo de Dalí
Gardado en:
| Main Authors: | , |
|---|---|
| Formato: | Libro |
| Idioma: | Lingua castelá |
| Publicado: |
SRL
2004
|
| Subjects: | |
| Tags: |
Engadir etiqueta
Sen Etiquetas, Sexa o primeiro en etiquetar este rexistro!
|
MARC
| LEADER | 00000nam a2200000 a 4500 | ||
|---|---|---|---|
| 001 | UCG2248 | ||
| 003 | CL-VaPUC | ||
| 008 | 100624e20040000SP |||||||||||||||||spa|d | ||
| 020 | |a 9788489634329 | ||
| 082 | 0 | 4 | |a 8 |b JOR |2 21 |
| 100 | |a Jordá, María J |e author |9 550661 | ||
| 700 | 0 | |a Formiga, Eva |e author |9 550659 | |
| 245 | 1 | 0 | |a Descubriendo el mágico mundo de Dalí |
| 300 | |a 28 p | ||
| 942 | |c BK | ||
| 945 | |d 20100624 00:00:00 |a dcastane | ||
| 260 | |b SRL |c 2004 | ||
| 600 | 0 | |a Dalí i Domenech, Salvador Felipe Jacinto |d 1904-1989 |9 550660 | |
| 650 | 0 | |a Arte |9 265238 | |
| 650 | 0 | |a Pintura |9 265046 | |
| 650 | 0 | |a Surrealismo |9 265502 | |
| 583 | |a last modification |c 20130326 11:29:35 |k Rodrigo Vera | ||
| 999 | |c 341475 |d 341473 | ||
| 952 | |0 0 |1 0 |4 0 |6 8_000000000000000_JOR_2004 |7 0 |8 C |9 436989 |a BIBCUR |b BIBCUR |d 2019-11-22 |i 4671058 |l 2 |o 8 JOR 2004 |p 4671058 |r 2025-04-22 |s 2024-03-19 |w 2019-11-22 |y BK |k INF | ||